000 00393nam a22001337a 4500
008 181102b xxu||||| |||| 00| 0 eng d
020 _a9780194313421
050 _aPE-1-1
100 _aThomson, A.J.
_943181
245 _aA practical English Grammar
_cA.J. Thomson and A.V. Martinet
260 _aOxford
_bOxford University Press
_c1989
300 _a383p. ;
_c22cm.
942 _2lcc
_cMONOGRAPH
999 _c128497
_d128497